000 01088nam2a22002531 4500
001 rc\269149
005 20250621063025.0
010 _a5-86471-052-0
_915000
035 _a(NLR Aleph) 005625178
090 _a6527571
_c6527571
100 _a20030307d1996 |||y0rusy50 ca
101 0 _arus
102 _aRU
105 _aa |||||||||
200 1 _aШутить и говорить я начала одновременно
_fПер. Н.[!В.]В.[!С.] Селивановой
210 _d1996
_aБ. м.
215 _a316, [3] с.
_cил.
461 0 _1001rc\269148
_12001#$aИоанна Хмелевская$e(Автобиография)$eПер. с пол.$vКн. 1
_1700#1$aХмелевская$bИ.$f1932-2013$gИоанна$3RU\NLR\AUTH\77319$4070
_96527566
_aХмелевская, И. (1932-2013)
_cМ.
_d1996-
_nФантом пресс интер В. М.
_o(Автобиография) : Пер. с пол.
_tИоанна Хмелевская
_vКн. 1
801 0 _aRU
_bNLR
_gpsbo
801 1 _aRU
_bELAR
_2rusmarc
852 _aNLR
_j96-3/11309
942 _cBOOK
980 _aNB